中国重载铁路线 China heavy haul railways - Statistics

General Stats
  • This quiz has been taken 52 times
  • The average score is 7 of 18
Answer Stats
站点 % Correct
大秦/大准铁路
95%
大同
84%
秦皇岛
80%
神朔黄铁路
57%
浩吉/蒙华铁路
48%
神木
45%
黄骅港
45%
吉安
43%
日照
39%
呼和浩特
36%
浩勒报吉
32%
瓦日铁路
30%
唐山港
25%
瓦塘
18%
张唐/唐呼/唐包铁路
18%
通辽
9%
霍林郭勒
7%
通霍(-霍白-珠珠)铁路
7%
No matching quizzes found
Score Distribution
Percent of People with Each Score
Percentile by Number Answered
Your Score History
You have not taken this quiz